[Event "Uralsk op"]
[Site "Uralsk"]
[Date "2023.07.25"]
[Round "6"]
[White "Azamat, Dinmukhammed"]
[Black "Kumar, Assylkhan"]
[Result "0-1"]
[WhiteElo "1401"]
[BlackElo "1576"]
[PlyCount "74"]
[EventDate "2023.07.21"]
[EventType "swiss"]
[EventRounds "9"]
[EventCountry "KAZ"]
[SourceTitle "EXT 2024"]
[Source "ChessBase"]
[SourceDate "2023.10.10"]
[SourceVersion "1"]
[SourceVersionDate "2023.10.10"]
[SourceQuality "1"]

1. d4 Nf6 2. Nf3 g6 3. c4 Bg7 4. Nc3 0-0 5. e4 d6 6. Be2 e5 7. 0-0 Nc6 8. d5 Ne7 9. Be3 Ng4 10. Bg5 f6 11. Bc1 Nh6 12. b4 g5 13. Nd2 Ng6 14. c5 Nf4 15. Nc4 Nf7 16. Ba3 h5 17. Rc1 g4 18. b5 dxc5 19. Bxc5 Nd6 20. Bxd6 cxd6 21. Qb3 Rf7 22. Rfe1 Bf8 23. Qa3 Bd7 24. Nxd6 Qe7 25. Bc4 Qxd6 26. Qb3 Rc8 27. Ne2 Nxe2+ 28. Rxe2 Bh6 29. Rc3 Be8 30. h3 Rfc7 31. hxg4 hxg4 32. Rec2 Bg6 33. Rg3 Bg5 34. f3 Kg7 35. Rxg4 Qc5+ 36. Kf1 Qd4 37. Bd3 Rc3 0-1

[Event "Aktobe U14 op"]
[Site "Aqtobe"]
[Date "2022.06.20"]
[Round "9"]
[White "Kumar, Assylkhan"]
[Black "Beristenov, Kair"]
[Result "0-1"]
[WhiteElo "1553"]
[BlackElo "1468"]
[PlyCount "50"]
[EventDate "2022.06.14"]
[EventType "swiss"]
[EventRounds "9"]
[EventCountry "KAZ"]
[SourceTitle "EXT 2023"]
[Source "ChessBase"]
[SourceDate "2022.10.05"]
[SourceVersion "1"]
[SourceVersionDate "2022.10.05"]
[SourceQuality "1"]

1. e4 c5 2. c3 Nf6 3. e5 Nd5 4. Nf3 Nc6 5. Bc4 Nb6 6. Bb3 d6 7. exd6 Qxd6 8. 0-0 Be6 9. Bxe6 Qxe6 10. b3 g6 11. Re1 Qd6 12. Na3 Bg7 13. Nb5 Qd7 14. Ba3 0-0 15. Bxc5 Nd5 16. Nbd4 b6 17. Nxc6 bxc5 18. Nce5 Qc7 19. Qe2 f6 20. Qc4 Rfd8 21. Ng4 Kh8 22. Ne3 Nb6 23. Qe2 e5 24. Nc4 Nd5 25. g3 Re8 0-1

[Event "Aktobe U14 op"]
[Site "Aqtobe"]
[Date "2022.06.18"]
[Round "6"]
[White "Meirkhanuly, Akylzhan"]
[Black "Kumar, Assylkhan"]
[Result "1-0"]
[WhiteElo "1412"]
[BlackElo "1553"]
[PlyCount "146"]
[EventDate "2022.06.14"]
[EventType "swiss"]
[EventRounds "9"]
[EventCountry "KAZ"]
[SourceTitle "EXT 2023"]
[Source "ChessBase"]
[SourceDate "2022.10.05"]
[SourceVersion "1"]
[SourceVersionDate "2022.10.05"]
[SourceQuality "1"]

1. e4 c6 2. d4 d5 3. Nc3 dxe4 4. Nxe4 Bf5 5. Ng3 Bg6 6. Nf3 Nd7 7. Bd3 Bxd3 8. Qxd3 e6 9. 0-0 Ngf6 10. b3 Bd6 11. Bb2 Qc7 12. c4 0-0-0 13. a3 h5 14. Ne4 Nxe4 15. Qxe4 Nf6 16. Qe2 Kb8 17. Ne5 Bxe5 18. dxe5 Ng8 19. Rad1 Ne7 20. Rxd8+ Qxd8 21. Rd1 Qc7 22. Rd6 Nf5 23. c5 Nxd6 24. exd6 Qd8 25. Bxg7 Rg8 26. Qe5 Kc8 27. h3 Kd7 28. Bf6 Qf8 29. Qxh5 Rg6 30. Qf3 Qh6 31. Bd4 f6 32. b4 Qg5 33. g3 Qd5 34. Qf4 Qh5 35. Bxf6 Qxh3 36. Bd4 Qh7 37. Bf6 Rg8 38. Bh4 Qb1+ 39. Kh2 Qh7 40. Qf6 Re8 41. b5 cxb5 42. Qf3 Rb8 43. Qc3 Qf7 44. Kg2 Rf8 45. Qe3 Qf5 46. c6+ Kxc6 47. Be7 Qd5+ 48. Kg1 Rf3 49. Qc1+ Qc4 50. Qd2 Rd3 51. Qa5 b6 52. Qxa7 Kd5 53. d7 Rd1+ 54. Kh2 Rh1+ 55. Kxh1 Qf1+ 56. Kh2 Qxf2+ 57. Kh3 Qf5+ 58. g4 Qh7+ 59. Bh4 Qd3+ 60. Bg3 Qh7+ 61. Kg2 Qe4+ 62. Kf2 Qd4+ 63. Kf1 Qd1+ 64. Kf2 Qc2+ 65. Kg1 Qd1+ 66. Kh2 Qc2+ 67. Kh3 Qh7+ 68. Kg2 Qe4+ 69. Kh3 Qh7+ 70. Bh4 Qd3+ 71. Bg3 Qh7+ 72. Bh4 Qd3+ 73. Bg3 Kc6 1-0

[Event "Aktobe U14 op"]
[Site "Aqtobe"]
[Date "2022.06.16"]
[Round "3"]
[White "Kumar, Assylkhan"]
[Black "Zhauynbay, Alimzhan"]
[Result "1-0"]
[WhiteElo "1553"]
[BlackElo "1334"]
[PlyCount "65"]
[EventDate "2022.06.14"]
[EventType "swiss"]
[EventRounds "9"]
[EventCountry "KAZ"]
[SourceTitle "EXT 2023"]
[Source "ChessBase"]
[SourceDate "2022.10.05"]
[SourceVersion "1"]
[SourceVersionDate "2022.10.05"]
[SourceQuality "1"]

1. e4 c6 2. d4 d5 3. exd5 cxd5 4. c4 Nf6 5. Nc3 e6 6. Nf3 Be7 7. c5 0-0 8. Bd3 Nc6 9. 0-0 a6 10. a3 Qc7 11. Re1 b5 12. b4 Bd7 13. Bg5 h6 14. Bh4 Nh5 15. Nxd5 exd5 16. Bxe7 Nxe7 17. Rxe7 Rae8 18. Rxe8 Rxe8 19. Ne5 g6 20. Qf3 Rxe5 21. dxe5 Qxe5 22. Rd1 Nf6 23. h3 Bc6 24. Kf1 Ne4 25. Bxe4 dxe4 26. Qe3 Kh7 27. Kg1 Qf5 28. Rd8 h5 29. Qd4 Kh6 30. h4 f6 31. Rh8+ Kg7 32. Qd8 Kf7 33. Rh7+ 1-0